ہندوستان و ملک غیر / (Record no. 106397)

MARC details
000 -LEADER
fixed length control field 00835nam a22002657a 4500
005 - DATE AND TIME OF LATEST TRANSACTION
control field 20170123162307.0
010 ## - LIBRARY OF CONGRESS CONTROL NUMBER
LC control number B-024536
020 ## - INTERNATIONAL STANDARD BOOK NUMBER
Terms of availability 125.00
035 ## - SYSTEM CONTROL NUMBER
System control number B-024536
037 ## - SOURCE OF ACQUISITION
Source of stock number/acquisition Cen Lib/Ret
040 ## - CATALOGING SOURCE
Original cataloging agency DPL
Language of cataloging UR
082 ## - DEWEY DECIMAL CLASSIFICATION NUMBER
Classification number 080
Item number ذ اک
100 ## - MAIN ENTRY--PERSONAL NAME
Personal name زاکر حسین
9 (RLIN) 111296
245 ## - TITLE STATEMENT
Title ہندوستان و ملک غیر /
Statement of responsibility, etc زاکر حسین
246 ## - VARYING FORM OF TITLE
Title proper/short title Hindustan aur mulk gair /
Remainder of title by Zakir Husain
260 ## - PUBLICATION, DISTRIBUTION, ETC. (IMPRINT)
Place of publication, distribution, etc پٹنہ
Name of publisher, distributor, etc خدا بخش ورئیےنٹل پبلک لائبریری
Date of publication, distribution, etc 1998
270 ## - ADDRESS
City پٹنہ
Postal code 110002
300 ## - PHYSICAL DESCRIPTION
Extent 288p.
Dimensions 21cm(Hb)
500 ## - GENERAL NOTE
General note اشاریہ
650 ## - SUBJECT ADDED ENTRY--TOPICAL TERM
Topical term or geographic name as entry element اردو صحافت
9 (RLIN) 462
650 ## - SUBJECT ADDED ENTRY--TOPICAL TERM
Topical term or geographic name as entry element تقابلی مطالعہ
9 (RLIN) 1541
650 ## - SUBJECT ADDED ENTRY--TOPICAL TERM
Topical term or geographic name as entry element Urdu journalism
9 (RLIN) 108864
650 ## - SUBJECT ADDED ENTRY--TOPICAL TERM
Topical term or geographic name as entry element Compartive study
9 (RLIN) 111297
942 ## - ADDED ENTRY ELEMENTS (KOHA)
Source of classification or shelving scheme Dewey Decimal Classification
Koha item type Urdu Bks
Classification part 080
Call number suffix ذ اک
Holdings
Withdrawn status Lost status Damaged status Not for loan Home library Current library Date acquired Source of acquisition Cost, normal purchase price Total Checkouts Full call number Barcode Date last seen Copy number Cost, replacement price Price effective from Koha item type
        Central Library Central Library 19/12/2015 Cen Lib/Ret 125.00   080 ذ اک B-024536 19/12/2015 1 125.00 19/12/2015 Urdu Bks

© Delhi Public Library
Hit Counter
free hit counter